An introduction to fire dynamics
Spremljeno u:
| Glavni autor: | |
|---|---|
| Format: | Knjiga |
| Jezik: | English |
| Izdano: |
Chichester ; New York : Wiley
, c1999.
|
| Teme: | |
| Oznake: |
Dodaj oznaku
Bez oznaka, Budi prvi tko označuje ovaj zapis!
|
MARC
| LEADER | 00000nam a2200000Ia 4500 | ||
|---|---|---|---|
| 003 | 000041 | ||
| 005 | 20221231144018.0 | ||
| 008 | 140114s1999 enka 000 ||eng d | ||
| 040 | |c cru CEDI | ||
| 082 | |a 541.361 D811i | ||
| 100 | |a Drysdale, Dougal. |9 19736 | ||
| 245 | |a An introduction to fire dynamics | ||
| 260 | |a Chichester ; New York : Wiley |c , c1999. | ||
| 300 | |a xviii, 451 páginas : ilustraciones . ; 24 cm. | ||
| 650 | |x FUEGO |9 19738 | ||
| 942 | |2 ddc |c BK | ||
| 999 | |c 15596 |d 15596 | ||
